Statistics for Highest GDP per capita Metropolitan Areas

Click here to take the quiz!

General Stats

  • This quiz has been taken 216 times
  • The average score is 15 of 20

Answer Stats

HintAnswer% Correct
64,460USANew York
98%
$82,410SwitzerlandZurich
97%
82,040NorwayOslo
97%
70,760FranceParis
95%
63,600IrelandDublin
94%
74,580SwitzerlandGeneva
93%
64,180GermanyMunich
89%
66,790USASan Francisco
89%
63,350LuxembourgLuxembourg-Trier
89%
67,830USASeattle
86%
70,390USABoston
86%
65,500AustraliaPerth
82%
68,530USAWashington DC
81%
64,540CanadaCalgary
68%
64,370USAPortland
65%
63,730USAHouston
63%
77,440USASan Jose
56%
67,780ChinaMacau
49%
76,510USAHartford
27%
68,570USABridgeport
16%

Score Distribution

Percentile by Number Answered

Percent of People with Each Score

Your Score History

You have not taken this quiz